00437nam a2200157Ia 4500008004100000020001500041082001400056100002800070245004800098250000700146260003000153300003000183500001900213600003300232650001400265240925s9999 xx 000 0 und d a969866601X a923.2 BHU aAbdul , Ghafoor Bhurgri 0aZulfiqar Ali Bhutto: the falcon of pakistan aNA aKarachi:bSZABISTc,2002. axviii,969p.bNAfOriginal aIncludes Index aHumanities & Natural Science aBiography